| 000 | 00900nac a22002291u 4500 | ||
|---|---|---|---|
| 010 | _a 2006295083 | ||
| 020 | _a1589064402 | ||
| 082 |
_a332.152 _bS3361 |
||
| 090 |
_c4612 _d4612 |
||
| 100 | _aSchinasi, Garry J. | ||
| 245 | 1 | 0 |
_aSafeguarding financial stability : _btheory and practice / _cGarry J. Schinasi. |
| 260 |
_aWashington, DC : _bInternational Monetary Fund,2006 _cc2006. |
||
| 300 |
_axv, 311 p. : _bill. ; _c23 cm. |
||
| 504 | _aIncludes bibliographical references (p. 285-301) and index. | ||
| 650 | 0 | _aFinance. | |
| 650 | 0 | _aBanks and banking, Central. | |
| 650 | 0 | _aRisk. | |
| 710 | 2 | _aInternational Monetary Fund. | |
| 856 | 4 | 1 |
_3Table of contents _uhttp://www.loc.gov/catdir/toc/fy0606/2006295083.html |
| 942 |
_cBB _k332.152S3361 |
||
| 999 |
_c4612 _d4612 |
||